Les littoraux : Impact des aménagements sur leur évolution (notice n° 2107533)

détails MARC
000 -LEADER
fixed length control field 01401cam a2200133 4500500
005 - DATE AND TIME OF LATEST TRANSACTION
control field 20260405013718.0
041 ## - LANGUAGE CODE
Language code of text/sound track or separate title fre
042 ## - AUTHENTICATION CODE
Authentication code dc
100 10 - MAIN ENTRY--PERSONAL NAME
Personal name Paskoff, Roland
Relator term author
245 00 - TITLE STATEMENT
Title Les littoraux : Impact des aménagements sur leur évolution
260 ## - PUBLICATION, DISTRIBUTION, ETC.
Name of publisher, distributor, etc. Armand Colin,<br/>
Date of publication, distribution, etc. 2010.<br/>
520 ## - SUMMARY, ETC.
Summary, etc. Dix des plus grandes villes du monde sont au bord de la mer. La moitié de la population des pays industrialisés vit à moins d’un kilomètre du rivage : si longtemps territoires du vide, les littoraux attirent chaque jour davantage. Plages de sable ou de galets, vagues ou courants littoraux, marais maritimes, dépôt des vases et des alluvions au gré des marées, falaises, récifs coralliens, milieux d’embouchure, etc. : l’auteur offre un panorama complet des littoraux, sans oublier les variations du niveau de la mer et les forces en action sur les côtes, ou les perturbations des systèmes côtiers induites par les activités humaines. Ouvrage de référence, largement illustré de photos, de cartes et de schémas, enrichi d’un index et d’une importante bibliographie, ce manuel présente les différents types de côtes, explique leur formation, montre leur évolution et propose les principes d’une gestion plus respectueuse de l’environnement littoral.
856 41 - ELECTRONIC LOCATION AND ACCESS
Uniform Resource Identifier <a href="https://shs.cairn.info/les-littoraux--9782200249267?lang=fr&redirect-ssocas=7080">https://shs.cairn.info/les-littoraux--9782200249267?lang=fr&redirect-ssocas=7080</a>

Pas d'exemplaire disponible.

PLUDOC

PLUDOC est la plateforme unique et centralisée de gestion des bibliothèques physiques et numériques de Guinée administré par le CEDUST. Elle est la plus grande base de données de ressources documentaires pour les Étudiants, Enseignants chercheurs et Chercheurs de Guinée.

Adresse

627 919 101/664 919 101

25 boulevard du commerce
Kaloum, Conakry, Guinée

Réseaux sociaux

Powered by Netsen Group @ 2025